00570nam a2200181 a 450000100100000000500170001000800410002702000150006804000250008308200150010810000330012324500450015626000610020130000200026249000180028250000700030083000180037000002363020200930022349.0101215s1992 sp r 000 p spa d a8478201254 aDO-SdBNPbspacBNPHU annnnbZ35a1 aZapater, Alfonso,d1932-200710aAfirmación del ser /cAlfonso Zapater. aZaragoza :bInstitución Fernando el Católico,c1992. a62 p. ;c24 cm.1 aSan Jorgev64 aIncluye datos biográficos del autor en la solapa de la cubierta 0aSan Jorgev64